000 00769nam a2200241Ia 4500
005 20260430150330.0
008 008 250103s9999 xx 000 0 eng d
037 _aTheses
040 _aCRL
040 _beng
040 _ceng
041 _2eng
041 _aeng
084 _qCRL
100 _aDhunna Kapil Dev Au.; Pradeep Kumar Gu.
_91237168
245 0 _aComparative study of anthropometric and psychological variables of sprinters middle distance and long-distance athletes of selected level
260 _c2023
300 _a185
650 _aBiology; Plants
700 _aUniversity of Delhi. Faculty of Inter- Disciplinary & Applied Science. Deptt. of Physical Education & Sports Sciences
_91237161
942 _cTH
999 _c1849531
_d1849531